Geografía urbana: un estudio del emplazamiento, evolución, forma y clasificación de pueblos, villas y ciudades

محفوظ في:
التفاصيل البيبلوغرافية
المؤلف الرئيسي: Taylor, Griffith (مؤلف)
التنسيق: كتاب
اللغة:الإسبانية
منشور في: Barcelona Omega 1954
الموضوعات:
الوسوم: إضافة وسم
لا توجد وسوم, كن أول من يضع وسما على هذه التسجيلة!

MARC

LEADER 00000nam a2200000 a 4500
001 UCV9283
003 CL-VaPUC
008 920803e19540000SP |||||||||||||||||spa|d
082 0 4 |a 711.43  |b TAY  |2 21 
100 0 |a Taylor, Griffith  |e author  |9 303284 
245 1 0 |a Geografía urbana: un estudio del emplazamiento, evolución, forma y clasificación de pueblos, villas y ciudades 
300 |a 495 p 
942 |c BK 
945 |d 19920803 00:00:00 
260 |a Barcelona  |b Omega  |c 1954 
650 0 |a Geografía urbana  |9 267904 
583 |a last modification  |c 19920803 00:00:00  |k Rodrigo Vera 
999 |c 214645  |d 214643 
952 |0 0  |1 0  |4 0  |6 711_430000000000000_TAY_1954  |7 0  |8 A  |9 198233  |a BIBARQ  |b BIBARQ  |d 2019-11-14  |i 2657678  |o 711.43 TAY 1954  |p 2657678  |r 2025-01-20  |w 2019-11-14  |y BK  |k ARQ